000 00359nam a2200157 4500
008 190329s1982||||xo d
100 1 _aHutníková Jana
_91017
245 1 0 _aVýživa tehotnej ženy
250 _a1.vydanie
260 _bÚZV
_aBratislava
_c1982
300 _a40 s.
020 _c0
041 1 _aslo
044 _axo
_cSK
958 _aAPR
999 _c22288
_d22288